| 000 | 01271nam a2200349 i 4500 | ||
|---|---|---|---|
| 001 | 66430 | ||
| 003 | Mx-PuUPA | ||
| 005 | 20230526124714.0 | ||
| 008 | 161024s2014 sp a gr 000 0 spa d | ||
| 017 | _aM-2625-2014 | ||
| 020 | _a9788473569910 | ||
| 040 |
_aMx-PuUPA _bspa _cMx-PuUPA _dMx-PuUPA _erda |
||
| 041 | 0 | _aspa | |
| 100 | 1 |
_aSánchez-Bayo, Alberto, _d1960- _914197 _eautor |
|
| 245 | 1 | 0 |
_aArqueología del talento : _ben busca de los tesoros personales / _cAlberto Sánchez-Bayo. |
| 250 |
_aTercera edición / _brevisada y actualizada |
||
| 264 | 1 |
_aMadrid : _bESIC Editorial, _c2014 |
|
| 300 |
_a141 páginas : _bilustraciones ; _c22 cm |
||
| 336 |
_atexto _2rdacontent _btxt |
||
| 337 |
_asin medio _2rdamedia _bn |
||
| 338 |
_avolumen _2rdacarrier _bnc |
||
| 490 | 0 | _aDivulgación | |
| 500 | _a"Un libro con alma, que entusiasma. Hecho con inteligencia, ingenio y deseo de ayudar a la gente para que encuentre la clave de su felicidad. Luliana Botezán". --Cubierta | ||
| 650 | 7 |
_2armarc _aAptitud creadora |
|
| 650 | 7 |
_2armarc _aCreatividad |
|
| 650 | 7 |
_2armarc _aRecursos humanos |
|
| 650 | 7 |
_2armarc _aÉxito |
|
| 650 | 7 |
_2armarc _aLiderazgo |
|
| 942 |
_2ddc _cLI _h153.9 _iS194 |
||
| 999 |
_c66430 _d66430 |
||